Alentejo blue : (Record no. 533093)

000 -LEADER
fixed length control field 01176cam a2200313 a 4500
001 - CONTROL NUMBER
control field 14283035
003 - CONTROL NUMBER IDENTIFIER
control field NUST
005 - DATE AND TIME OF LATEST TRANSACTION
control field 20191212110156.0
008 - FIXED-LENGTH DATA ELEMENTS--GENERAL INFORMATION
fixed length control field 060302s2006 nyu 000 1 eng
010 ## - LIBRARY OF CONGRESS CONTROL NUMBER
LC control number 2006042380
020 ## - INTERNATIONAL STANDARD BOOK NUMBER
International Standard Book Number 9780743293037
020 ## - INTERNATIONAL STANDARD BOOK NUMBER
International Standard Book Number 0743293037
038 ## - RECORD CONTENT LICENSOR
Staff Name M.Ramzan
040 ## - CATALOGING SOURCE
Original cataloging agency DLC
Transcribing agency DLC
Modifying agency DLC
043 ## - GEOGRAPHIC AREA CODE
Geographic area code e-po---
050 00 - LIBRARY OF CONGRESS CALL NUMBER
Classification number PR6101.L45
Item number A44 2006
082 00 - DEWEY DECIMAL CLASSIFICATION NUMBER
Classification number 823.92
Edition number 22
Author Mark ALI
100 1# - MAIN ENTRY--PERSONAL NAME
Personal name Ali, Monica,
Dates associated with a name 1967-
9 (RLIN) 26787
245 10 - TITLE STATEMENT
Title Alentejo blue :
Remainder of title fiction /
Statement of responsibility, etc. Monica Ali.
260 ## - PUBLICATION, DISTRIBUTION, ETC.
Place of publication, distribution, etc. New York :
Name of publisher, distributor, etc. Scribner,
Date of publication, distribution, etc. c2006.
300 ## - PHYSICAL DESCRIPTION
Extent 226 p. ;
Dimensions 25 cm.
651 #0 - SUBJECT ADDED ENTRY--GEOGRAPHIC NAME
Geographic name Portugal
General subdivision Social life and customs
Form subdivision Fiction.
9 (RLIN) 26788
856 42 - ELECTRONIC LOCATION AND ACCESS
Materials specified Publisher description
Uniform Resource Identifier <a href="http://www.loc.gov/catdir/enhancements/fy0643/2006042380-d.html">http://www.loc.gov/catdir/enhancements/fy0643/2006042380-d.html</a>
856 41 - ELECTRONIC LOCATION AND ACCESS
Materials specified Sample text
Uniform Resource Identifier <a href="http://www.loc.gov/catdir/enhancements/fy0661/2006042380-s.html">http://www.loc.gov/catdir/enhancements/fy0661/2006042380-s.html</a>
856 42 - ELECTRONIC LOCATION AND ACCESS
Materials specified Contributor biographical information
Uniform Resource Identifier <a href="http://www.loc.gov/catdir/enhancements/fy1013/2006042380-b.html">http://www.loc.gov/catdir/enhancements/fy1013/2006042380-b.html</a>
906 ## - LOCAL DATA ELEMENT F, LDF (RLIN)
a 7
b cbc
c orignew
d 1
e ocip
f 20
g y-gencatlg
942 ## - ADDED ENTRY ELEMENTS (KOHA)
Source of classification or shelving scheme
Koha item type Book
Holdings
Withdrawn status Lost status Source of classification or shelving scheme Damaged status Not for loan Permanent Location Current Location Date acquired Total Checkouts Full call number Barcode Date last seen Price effective from Koha item type
          School of Civil and Environmental Engineering (SCEE) School of Civil and Environmental Engineering (SCEE) 12/12/2019   823.92 ALI NIT-8808 12/12/2019 12/12/2019 Book
© 2023 Central Library, National University of Sciences and Technology. All Rights Reserved.